Crystal Palace players (2000-2010) - Statistics

General Stats
  • This quiz has been taken 4 times
  • The average score is 16 of 145
Answer Stats
Rank Player Positions Nationality Matches Goals (assists) Period % Correct
9 Andy Johnson ST 140 74 (6) 2002-2006
75%
45 Nathaniel Clyne RB 48 1 (3) 2008-2010
75%
78 Stern John ST 16 2 (0) 2009-2010
75%
145 Wilfried Zaha LW 1 0 (0) 2009-2010
75%
6 Aki Riihilahti DM 156 13 (1) 2000-2006
50%
36 Darren Ward CB 63 5 (1) 2005-2007
50%
25 Jamie Smith RB 78 4 (0) 2000-2004
50%
7 Julián Speroni GK 151 0 (5) 2004-2010
50%
116 Ryan Smith LW 5 0 (0) 2009-2010
50%
71 Ade Akinbiyi ST 24 3 (0) 2001-2003
25%
40 Alan Lee ST 58 9 (9) 2008-2010
25%
60 Andrejs Rubins LW 31 0 (0) 2000-2003
25%
110 Andy Morrison CB 5 1 (0) 2000-2001
25%
5 Ben Watson CM 169 18 (16) 2002-2009
25%
94 Christian Edwards CB 9 0 (0) 2001-2002
25%
65 Claude Davis CB 28 0 (0) 2008-2010
25%
18 Clint Hill CB 114 5 (3) 2007-2010
25%
3 Clinton Morrison ST 214 76 (7) 2000-2002, 2005-2008
25%
2 Danny Butterfield RB 232 6 (7) 2002-2010
25%
47 Darren Ambrose RM 46 15 (9) 2009-2010
25%
125 Darryl Flahavan GK 2 0 (0) 2008-2010
25%
64 David Hopkin RM 29 4 (0) 2000-2002
25%
1 Dougie Freedman ST 237 64 (6) 2000-2008
25%
111 Gareth Williams AM 5 0 (0) 2002-2003
25%
127 Jamie Fullarton DM 2 0 (0) 2000-2001
25%
89 Jeff Hughes CM 10 0 (0) 2007-2008
25%
50 Johannes Ertl DM 45 0 (2) 2008-2010
25%
24 José Fonte CB 82 6 (6) 2007-2010
25%
57 Jovan Kirovski RW 36 5 (0) 2001-2002
25%
12 Julian Gray ST 125 11 (2) 2000-2004
25%
51 Lee Hills LB 45 1 (2) 2007-2010
25%
17 Matt Lawrence CB 121 1 (1) 2006-2010
25%
13 Michael Hughes AM 125 7 (2) 2003-2007
25%
35 Neil Danns CM 66 10 (3) 2007-2010
25%
46 Patrick McCarthy CB 47 3 (2) 2008-2010
25%
96 Paul Dickov ST 9 0 (0) 2007-2008
25%
104 Rob Edwards CB 7 1 (0) 2003-2004
25%
92 Rui Fonte ST 10 0 (0) 2008-2009
25%
141 Sam Togwell DM 1 0 (0) 2002-2003
25%
4 Shaun Derry DM 197 3 (3) 2002-2005, 2007-2010
25%
32 Simon Rodger LM 69 1 (1) 2000-2002
25%
143 Simon Thomas ST 1 0 (0) 2008-2009
25%
97 Steve Kabba ST 9 1 (0) 2000-2003
25%
34 Steven Thomson CM 68 1 (0) 2000-2003
25%
11 Tommy Black RM 127 10 (2) 2000-2004, 2005-2006
25%
8 Tom Soares CM 149 10 (10) 2003-2009
25%
14 Tony Popovic CB 123 6 (1) 2001-2006
25%
41 Victor Moses RW 58 11 (5) 2007-2010
25%
19 Wayne Routledge LW 110 11 (8) 2001-2005
25%
67 Alassane N'Diaye DM 26 3 (0) 2009-2010
0%
23 Aleksandrs Kolinko GK 82 0 (0) 2000-2003
0%
123 Amir Karic LB 3 0 (0) 2000-2001
0%
84 Andy Frampton LB 13 0 (0) 2000-2003
0%
131 Andy Linighan CB 1 0 (0) 2000-2001
0%
85 Anthony Stokes ST 13 1 (1) 2008-2009
0%
105 Ashley-Paul Robinson ST 6 0 (1) 2007-2008
0%
132 Ben Kudjodji ST 1 0 (0) 2007-2008
0%
102 Besian Idrizaj ST 7 0 (0) 2007-2008
0%
58 Calvin Andrew ST 34 2 (1) 2008-2010
0%
33 Carl Fletcher DM 68 4 (1) 2006-2009
0%
68 Cédric Berthelin GK 26 0 (0) 2002-2004
0%
133 Cédric Carrasso GK 1 0 (0) 2001-2002
0%
79 Craig Beattie ST 15 5 (3) 2008-2009
0%
55 Craig Harrison DF 38 0 (0) 2000-2002
0%
49 Curtis Fleming CB 45 0 (0) 2001-2004
0%
15 Danny Granville LB 122 9 (2) 2001-2005, 2006-2007
0%
42 Darren Powell CB 55 2 (0) 2002-2005
0%
81 Dave Martin LM 14 0 (1) 2006-2008
0%
126 David Hunt RB 2 0 (0) 2002-2003
0%
27 Dean Austin RB 77 3 (0) 2000-2003
0%
53 Dele Adebola ST 39 5 (1) 2002-2003
0%
31 Emmerson Boyce RB 69 1 (1) 2004-2006
0%
28 Fitz Hall CB 75 3 (0) 2004-2006
0%
95 Franck Songo'o RW 9 0 (0) 2007-2008
0%
76 Freddie Sears CF 18 0 (2) 2009-2010
0%
20 Gábor Király GK 104 0 (2) 2004-2007
0%
21 Gary Borrowdale LB 98 0 (1) 2002-2007
0%
134 Gavin Heeroo MF 1 0 (0) 2003-2004
0%
73 Gonzalo Sorondo CB 20 0 (0) 2004-2005
0%
75 Gregg Berhalter CB 19 1 (0) 2000-2002
0%
10 Hayden Mullins DM 137 3 (0) 2000-2004
0%
112 Iain Turner GK 5 0 (0) 2006-2007
0%
117 Iván Kaviedes ST 4 0 (0) 2004-2005
0%
118 James Comley CM 4 0 (0) 2008-2009
0%
22 James Scowcroft ST 83 14 (8) 2006-2009
0%
61 Jamie Pollock CM 31 4 (0) 2000-2001
0%
29 Jobi McAnuff LW 75 12 (7) 2005-2007
0%
119 John Bostock CM 4 0 (0) 2007-2008
0%
113 John Halls DM 5 0 (0) 2007-2008
0%
62 John Oster CM 31 3 (3) 2008-2009
0%
70 Jon Macken ST 25 2 (0) 2005-2007
0%
69 Joonas Kolkka RW 26 3 (1) 2004-2006
0%
135 Kenny Verhoene CB 1 0 (0) 2000-2001
0%
82 Kieran Djilali LM 14 1 (1) 2008-2010
0%
120 Kieron Cadogan RM 4 1 (0) 2008-2009
0%
43 Kit Symons CB 49 0 (1) 2001-2004
0%
128 Kyel Reid LW 2 0 (0) 2007-2008
0%
114 Léandre Griffit CM 5 0 (0) 2008-2009
0%
44 Leon Cort CB 49 7 (5) 2006-2008
0%
98 Leon McKenzie ST 8 0 (0) 2000-2001
0%
90 Lewis Grabban ST 10 1 (0) 2006-2008
0%
129 Lewwis Spence AM 2 0 (0) 2006-2007
0%
66 Marco Reich LM 27 2 (0) 2005-2007
0%
16 Mark Hudson CB 121 7 (5) 2003-2008
0%
48 Mark Kennedy LM 46 1 (10) 2006-2008
0%
56 Matt Clarke GK 38 0 (0) 2001-2004
0%
136 Matt Gregg GK 1 0 (0) 2000-2001
0%
103 Matthew Upson CB 7 0 (0) 2000-2001
0%
54 Mikael Forssell ST 39 13 (0) 2000-2001
0%
37 Mikele Leigertwood DM 59 1 (0) 2003-2006
0%
137 Nathan Ashton LB 1 0 (0) 2007-2008
0%
138 Nathaniel Pinney ST 1 0 (0) 2008-2009
0%
74 Neil Ruddock CB 20 2 (0) 2000-2001
0%
52 Neil Shipperley ST 41 8 (1) 2003-2005
0%
38 Nick Carle AM 59 4 (4) 2008-2010
0%
124 Nicola Ventola ST 3 1 (0) 2004-2005
0%
91 Nico Vaesen GK 10 0 (0) 2003-2004
0%
115 Nikolaos Michopoulos GK 5 0 (0) 2002-2003
0%
99 Noel Whelan ST 8 3 (0) 2002-2003
0%
39 Paul Ifill RW 59 8 (6) 2006-2009
0%
121 Paul Kitson ST 4 0 (0) 2000-2001
0%
139 Rhoys Wiggins LB 1 0 (0) 2008-2009
0%
100 Ricardo Fuller ST 8 0 (0) 2000-2001
0%
130 Richard Harris ST 2 0 (0) 2000-2001
0%
140 Ryan Hall LM 1 0 (0) 2007-2008
0%
87 Sándor Torghelle ST 12 0 (0) 2004-2005
0%
101 Scott Flinders GK 8 0 (0) 2006-2007
0%
142 Scott Gooding DF 1 0 (0) 2001-2002
0%
106 Scott Sinclair LW 6 2 (1) 2007-2008
0%
30 Sean Scannell RW 74 6 (9) 2007-2010
0%
88 Shaun Murphy CB 11 0 (0) 2001-2002
0%
26 Shefki Kuqi ST 78 17 (8) 2006-2009
0%
144 Stephen Evans CM 1 0 (0) 2000-2001
0%
107 Steve Staunton LB 6 1 (0) 2000-2001
0%
108 Steve Vickers CB 6 0 (0) 2001-2002
0%
72 Stuart Green RW 24 4 (1) 2006-2008
0%
93 Stuart Taylor GK 10 0 (0) 2000-2001
0%
80 Thomas Myhre GK 15 0 (0) 2003-2004
0%
86 Tony Craig CB 13 0 (1) 2007-2008
0%
109 Trevor Benjamin LW 6 1 (0) 2001-2002
0%
77 Vasilios Lakis RM 18 0 (1) 2004-2005
0%
59 Wayne Andrews FW 32 1 (0) 2004-2006
0%
83 Wayne Carlisle RM 14 0 (0) 2000-2001
0%
122 Will Antwi CB 4 0 (0) 2002-2003
0%
63 Zhiyi Fan CB 30 1 (0) 2000-2002
0%
No matching quizzes found
Score Distribution
Percent of People with Each Score
Percentile by Number Answered
Your Score History
You have not taken this quiz